UM Logo

Interpretation and application of IPSAS/ (Record no. 13813)

MARC details
000 -LEADER
fixed length control field 00724nam a22001937a 4500
008 - FIXED-LENGTH DATA ELEMENTS--GENERAL INFORMATION
fixed length control field 190417b ||||| |||| 00| 0 eng d
020 ## - INTERNATIONAL STANDARD BOOK NUMBER
International Standard Book Number 9781119010319
082 ## - DEWEY DECIMAL CLASSIFICATION NUMBER
Edition number 2015
Classification number AV-Eb 657.8350218
Item number P818
100 ## - MAIN ENTRY--PERSONAL NAME
Personal name Pontoppidan,Caroline Aggestam.
9 (RLIN) 38392
245 ## - TITLE STATEMENT
Title Interpretation and application of IPSAS/
Statement of responsibility, etc. Caroline Aggestam-Pontoppidan and Isabelle Andernack.
250 ## - EDITION STATEMENT
Edition statement First Edition
260 ## - PUBLICATION, DISTRIBUTION, ETC. (IMPRINT)
Name of publisher, distributor, etc. John Wiley & Sons, Incorporated,
Date of publication, distribution, etc. ©2015.
300 ## - PHYSICAL DESCRIPTION
Extent 466 pages;
440 ## - SERIES STATEMENT/ADDED ENTRY--TITLE
Title Wiley Regulatory Reporting Ser.
9 (RLIN) 38393
500 ## - GENERAL NOTE
General note Includes index.
700 ## - ADDED ENTRY--PERSONAL NAME
Personal name Andernack,Isabelle.
9 (RLIN) 38394
856 ## - ELECTRONIC LOCATION AND ACCESS
Link text https://ebookcentral.proquest.com/lib/uniofmindanao-ebooks/detail.action?docID=4107722
942 ## - ADDED ENTRY ELEMENTS (KOHA)
Source of classification or shelving scheme Dewey Decimal Classification
Koha item type Ebooks
Holdings
Withdrawn status Lost status Source of classification or shelving scheme Damaged status Not for loan Home library Current library Shelving location Date acquired Source of acquisition Total Checkouts Full call number Barcode Date last seen Copy number Price effective from Koha item type
    Dewey Decimal Classification     UM Digos College - LIC UM Digos College - LIC Processing Center 04/17/2019 Downloaded   AV-Eb 657.8350218 P818 Eb176 04/17/2019 1 04/17/2019 Ebooks